📖 150 premiers mots "Le Château de ma Mère" Pagnol - Statistiques

Statistiques générales
  • Ce quiz a Ă©tĂ© pris 87 fois
  • Le rĂ©sultat moyen est 76 sur 150
Statistiques - réponses
Mots % Correct
s'
100%
Ă 
99%
l'
99%
Jules,
97%
m'
96%
me
96%
Paul,
96%
Pierre,
96%
d'
94%
de
94%
de ...
94%
ma
93%
le
91%
je
90%
Je
90%
n'
90%
et
88%
la
85%
père
85%
des
84%
mon
82%
en
81%
les
81%
oĂą
81%
au
75%
pas
74%
mais
72%
ne
72%
que
71%
pour
68%
du
65%
oncle
65%
son
65%
tu
65%
un
65%
dans
63%
qui
62%
petit
59%
Nous
57%
Ni
54%
ni
54%
sans
49%
Tous
41%
Après
35%
matin,
34%
faire
32%
avaient
29%
cousin
28%
nuit
28%
faisait
26%
peu
25%
cynégétique
24%
grandes
24%
fus
22%
heures,
21%
heures
21%
lit.
21%
notre
21%
chambre,
19%
deux
19%
matins,
19%
réveiller
19%
vers
19%
porte
18%
bartavelles,
16%
chien
15%
air
13%
cuisine,
13%
quatre
13%
yeux
13%
chasseurs,
12%
"Veux-
12%
emblée
10%
pendant
10%
rang
10%
bas
9%
café
9%
ouvrait
9%
silence,
9%
admis
7%
épopée
7%
venir ?"
7%
personnes
6%
force
4%
habillais
4%
qualité
4%
rabatteur,
4%
rapporteur.
3%
ronflements
3%
sommeil,
3%
biberon
1%
carniers
1%
cartouchières.
1%
chauffer
1%
descendais
1%
garnissais
1%
hurlements
1%
jetait
1%
réclamait
1%
remplissait
1%
sortions
1%
bouffis
0%
chuchotait :
0%
chuchotement
0%
éveillent,
0%
hagard
0%
puissants
0%
traverser
0%
Aucun quiz correspondant
Distribution des résultats
% des personnes avec chaque résultat
Percentile par nombre de réponses
Votre historique - résultats
Vous n’avez pas pris ce quiz